| 000 | 00650nam a2200181Ia 4500 | ||
|---|---|---|---|
| 008 | 090630s9999 xx 000 0 und d | ||
| 082 | _b15880 | ||
| 100 | _aवाळिंबे वि. स. | ||
| 245 |
_aस्वातंत्र्य संग्राम. _cवाळिंबे वि. स. |
||
| 260 | _bनवचैतन्य. | ||
| 300 | _a191 | ||
| 600 | _aवाळिंबे वि. स. | ||
| 630 | _aस्वातंत्र्य संग्राम. | ||
| 655 | _aइतर. | ||
| 700 | _aवाळिंबे वि. स. | ||
| 730 | _aस्वातंत्र्य संग्राम. | ||
| 942 | _cBOOK | ||
| 999 |
_c267736 _d267736 |
||